Frutas - ¡Muerte súbita! - Estadísticas

Estadísticas generales
  • Esta prueba ha sido intentada 382 veces
    307 desde el último reinicio
  • La puntuación promedio es 16 de 18
Answers on the Grid
Answers color-coded by a green-red scale on the quiz's grid according to % correct below.
Higo
Manzana
Lechuga
Granada
Tomate
Calabacín
Naranja
Sandía
Alcachofa
Durazno
Choclo
Zanahoria
Brócoli
Ciruela
Espinaca
Granada
Coco
Cebolla
Uva
Kiwi
Mango
Acelga
Berenjena
Banana
Rábano
Nabo
Frutilla
Pera
Ananá
Remolacha
Papa
Maracuyá
 
Estadísticas de respuestas
Respuesta % Correcto
Manzana
100%
Naranja
96%
Granada
94%
Sandía
94%
Mango
92%
Banana
90%
Kiwi
90%
Uva
90%
Ciruela
89%
Pera
89%
Higo
88%
Granada
87%
Maracuyá
87%
Coco
86%
Tomate
79%
Ananá
77%
Frutilla
76%
Durazno
75%
No se encontraron pruebas coincidentes
Distribución de puntuación
Porcentaje de gente con cada puntuación
Porcentaje por número respondido
Historial de tus puntuaciones
No has intentado esta prueba desde el último reinicio